Unyayan banam sthanantar bikalpar sandhan (Record no. 4100)

MARC details
000 -LEADER
fixed length control field 00534cam a2200193ua 4500
001 - CONTROL NUMBER
control field 4283
005 - DATE AND TIME OF LATEST TRANSACTION
control field 20260515113818.0
008 - FIXED-LENGTH DATA ELEMENTS--GENERAL INFORMATION
fixed length control field 111222n ii |||gr||||Z||||||asm
040 ## - CATALOGING SOURCE
Transcribing agency MAIN
082 ## - DEWEY DECIMAL CLASSIFICATION NUMBER
Classification number 338.9
100 1# - MAIN ENTRY--PERSONAL NAME
Personal name Bharali, Gita,
245 11 - TITLE STATEMENT
Title Unyayan banam sthanantar bikalpar sandhan
Statement of responsibility, etc. by Gita Bharali
250 ## - EDITION STATEMENT
Edition statement 1st.
260 ## - PUBLICATION, DISTRIBUTION, ETC.
Place of publication, distribution, etc. Guwahati:
Name of publisher, distributor, etc. North eastern social reserch centre,
Date of publication, distribution, etc. 2011.
300 ## - PHYSICAL DESCRIPTION
Extent 82p:
Dimensions 23cm.
653 ## - INDEX TERM--UNCONTROLLED
Uncontrolled term Economic development
653 ## - INDEX TERM--UNCONTROLLED
Uncontrolled term Unyayan banam sthanantar bikalpar sandhan
942 ## - ADDED ENTRY ELEMENTS (KOHA)
Koha item type Books
Holdings
Withdrawn status Lost status Damaged status Not for loan Home library Current library Shelving location Date acquired Total checkouts Full call number Barcode Date last seen Copy number Price effective from Koha item type
        Naharkatiya College Library Naharkatiya College Library General stacks 09/19/2020   338.9 | BHA 20448 09/19/2020 3 09/19/2020 Books
        Naharkatiya College Library Naharkatiya College Library General stacks 09/19/2020   338.9 | BHA 20449 09/19/2020 2 09/19/2020 Books
        Naharkatiya College Library Naharkatiya College Library General stacks 09/19/2020   338.9 | BHA 20450 09/19/2020 1 09/19/2020 Books